1950s Albums (Easy) - Statistics

General Stats
  • This quiz has been taken 442 times
    218 since last reset
  • The average score is 11 of 20
Answer Stats
Picture Answer % Correct
Elvis Presley - Elvis Presley
98%
In the Wee Small Hours - Frank Sinatra
94%
The Genius of Ray Charles - Ray Charles
83%
Here's Little Richard - Little Richard
77%
Kind of Blue - Miles Davis
69%
Ella & Louis - Ella Fitzgerald & Louis Armstrong
66%
Merry Christmas - Bing Crosby
63%
Fats Domino Swings - Fats Domino
58%
Buddy Holly - Buddy Holly
56%
Johnny Cash with His Hot and Blue Guitar! - Johnny Cash
49%
Berry is on Top - Chuck Berry
45%
Jerry Lee Lewis - Jerry Lee Lewis
44%
Blue Train - John Coltrane
42%
Ritchie Valens - Ritchie Valens
42%
Sings - Hank Williams
42%
Rock Around the Clock - Bill Haley & the Comets
38%
Lady In Satin - Billie Holiday
37%
Ellington at Newport - Duke Ellington
34%
Calypso - Harry Belafonte
27%
Ricky Sings Again - Ricky Nelson
26%
No matching quizzes found
Score Distribution
Percent of People with Each Score
Percentile by Number Answered
Your Score History
You have not taken this quiz since the last reset